Jezyki Euroazjatyckie - Statystyki

Ogólne statystyki
  • Ten quiz został rozwiązany 17 razy
    16 od ostatniego zresetowania
  • Średni wynik to 74 z 382
Statystyki odpowiedzi
Grupa jezykowa Jezyki Liczba mowiacych % Poprawnych
Język Słowiański Polski 48 mln
93%
Język Słowiański Rosyjski 160 mln
93%
Język Słowiański Białoruski 6,5 mln
87%
Język Romański Francuski 290 mln
87%
Język Germański Niemiecki 95 mln
87%
Język Turkijski Turecki 66 mln
87%
Język Semicki Arabski 250 mln
80%
Język Słowiański Bułgarski 9 mln
80%
Język Słowiański Czeski 11,5 mln
80%
Język Germański Duński 6 mln
80%
Język Ugrofiński Fiński 5,39 mln
80%
Język Drawidyjski Manda ?
80%
Język Słowiański Ukraiński 43 mln
80%
Język Germański Angielski 527 mln
73%
Język Dajski Be ?
73%
Język Słowiański Chorwacki 5,5 mln
73%
Język Ugrofiński Estoński 1,1 mln
73%
Język Grecki Grecki 15 mln
73%
Język Semicki Hebrajski 5 mln
73%
Język Indoaryjski Hindi 422 mln
73%
Język Germański Islandzki 320 tys
73%
Język Romański Kataloński 11,5 mln
73%
Język Izolowany Koreański 77,2 mln
73%
Język Bałtycki Litewski 4 mln
73%
Język Germański Norweski 5 mln
73%
Język Romański Portugalski 250 mln
73%
Język Romański Rumuński 24 mln
73%
Język Słowiański Serbski 12 mln
73%
Język Słowiański Słowacki 7 mln
73%
Język Germański Szwedzki 10 mln
73%
Język Romański Włoski 100 mln
73%
Język Albański Albański 6,2 mln
67%
Język Izolowany Baskijski 1,2 mln
67%
Język Celtycki Irlandzki 140 tys
67%
Język Izolowany Japoński 130 mln
67%
Język Bałtycki Łotewski 1,5 mln
67%
Język Słowiański Macedoński 2 mln
67%
Język Chińsko-tybetański Mandaryński 850 mln
67%
Język Austroazjatycki Mon 850 tys
67%
Język Słowiański Słoweński 2,4 mln
67%
Język Ugrofiński Węgierski 15 mln
67%
Język Turkijski Azerski 32 mln
60%
Język Romański Galicyjski 3,5 mln
60%
Język Romański Hiszpański 11,5 mln
60%
Język Słowiański Kaszubski 108 tys
60%
Język Semicki Maltański 350 tys
60%
Język Germański Niderlandzki 23 mln
60%
Język Tracko-ormiański Ormiański 6 mln
60%
Język Irański Paszto 45 mln
60%
Język Irański Perski 62 mln
60%
Język Turkijski Tatarski 6,8 mln
60%
Język Słowiański Bośniacki 3 mln
53%
Język Północno-wschodniokaukaski Czeczeński 1,4 mln
53%
Język Turkijski Kazachski 12 mln
53%
Język Austroazjatycki Khmerski 16 mln
53%
Język Indoaryjski Urdu 70 mln
53%
Język Austroazjatycki Wietnamski 70 mln
53%
Język Indoaryjski Bengalski 181 mln
47%
Język Chińsko-tybetański Birmański 35 mln
47%
Język Słowiański Dolnołużycki 1,5 tys
47%
Język Słowiański Górnołużycki 20 tys
47%
Język Romański Korsykański 340 tys
47%
Język Germański Luksemburski 390 tys
47%
Język Irański Osetyjski 500 tys
47%
Język Romański Romansz 44 tys
47%
Język Słowiański Rusiński 636 tys
47%
Język Romański Sardyński 1,5 mln
47%
Język Słowiański Śląski 529 tys
47%
Język Irański Tadżycki 4,5 mln
47%
Język Turkijski Turkmeński 6,8 mln
47%
Język Celtycki Walijski 866 tys
47%
Język Irański Kurdyjski 31 mln
40%
Język Chińsko-tybetański Kantoński 55 mln
40%
Język Turkijski Kirgiski 4,2 mln
40%
Język Romański Neapolitański 7,5 mln
40%
Język Indoaryjski Nepalski 17 mln
40%
Język Romański Oksytański 580 tys
40%
Język Indoaryjski Pendżabski 28 mln
40%
Język Romański Sycylijski 4,8 mln
40%
Język Drawidyjski Tamilski 68 mln
40%
Język Chińsko-tybetański Tybetański 6,5 mln
40%
Język Turkijski Uzbecki 25 mln
40%
Język Chińsko-tybetański Wu 95 mln
40%
Język Celtycki Bretoński 206 tys
33%
Język Germański Farerski 80 tys
33%
Język Germański Fryzyjski 500 tys
33%
Język Romański Wenecki 2 mln
33%
Język Romański Aragoński 20 tys
27%
Język Indoaryjski Assamski 17 mln
27%
Język Mongolski Buriacki 329 tys
27%
Język Turkijski Gagauski 250 tys
27%
Język Indoaryjski Gudzarati 46 mln
27%
Język Północno-wschodniokaukaski Inguski 300 tys
27%
Język Turkijski Jakucki 456 tys
27%
Język Drawidyjski Kannada 35 mln
27%
Język Ugrofiński Karelski 125 tys
27%
Język Turkijski Krymskotatarski 500 tys
27%
Język Drawidyjski Malajalam 30 mln
27%
Język Tungusko-mandżurski Mandżurski 100
27%
Język Celtycki Manx 56
27%
Język Samojedzki Nieniecki 25 tys
27%
Język Romański Normandzki ?
27%
Język Turkijski Ałtajski 65,5 tys
20%
Język Turkijski Baszkirski 2,2 mln
20%
Język Czukocko-kamczacki Czukocki 7 tys
20%
Język Irański Dari 20,5 mln
20%
Język Romański Istrorumuński 1 tys
20%
Język Mongolski Kałmucki 190 tys
20%
Język Indoaryjski Kaszmirski 7,1 mln
20%
Język Celtycki Kornijski 3,5 tys
20%
Język Indoaryjski Marathi 70 mln
20%
Język Indoaryjski Orija 50,1 mln
20%
Język Słowiański Podlaski 32 tys
20%
Język Indoaryjski Romski 4,8 mln
20%
Język Ugrofiński Saami 35 tys.
20%
Język Germański Scots 1,53 mln
20%
Język Indoaryjski Sindhi 30 mln
20%
Język Indoaryjski Syngaleski 17 mln
20%
Język Drawidyjski Telugu 90 mln
20%
Język Turkijski Ujgurski 10,3 mln
20%
Język Bałtycki Żmudzki 500 tys
20%
Język Semicki Aramejski 445 tys
13%
Język Romański Arumuński 250 tys
13%
Język Nuristański Aszkun 1,2 tys
13%
Język Północno-wschodniokaukaski Awarski 550 tys
13%
Język Irański Beludżi 4,8 mln
13%
Język Indoaryjski Bhodźpuri 52 mln
13%
Język Chińsko-tybetański Czin ?
13%
Język Turkijski Czuwaski 1,8 mln
13%
Język Chińsko-tybetański Dzongkha 470 tys
13%
Język Ugrofiński Erzja 500 tys
13%
Język Romański Friulski 530 tys
13%
Język Chińsko-tybetański Gan 31 mln
13%
Język Chińsko-tybetański Hakka 30 mln
13%
Język Nuristański Kalasza-ala 11,5 tys
13%
Język Turkijski Karaimski 80
13%
Język Nuristański Kati 24,2 tys
13%
Język Romański Ladyński 30 tys
13%
Język Bałtycki Łatgalski 165 tys
13%
Język Ugrofiński Liwski 100
13%
Język Romański Lombardzki 3,9 mln
13%
Język Indoaryjski Malediwski 340 tys
13%
Język Ugrofiński Maryjski 388 tys
13%
Język Ugrofiński Moksza 400 tys
13%
Język Słowiański Morawski 522 tys
13%
Język Turkijski Nogajski 70 tys
13%
Język Nuristański Tregami 1 tys
13%
Język Turkijski Tuwiński 200 tys
13%
Język Nuristański Wasi-weri 1 tys
13%
Język Ugrofiński Wepski 5 tys
13%
Język Germański Wilamowski 25
13%
Język Chińsko-tybetański Xiang 45 mln
13%
Język Irański Zaza 2 mln
13%
Język Północno-wschodniokaukaski Achwaski 5 tys
7%
Język Północno-wschodniokaukaski Agulski 16 tys
7%
Język Czukocko-kamczacki Alutorski 40
7%
Język Północno-wschodniokaukaski Andyjski 20 tys
7%
Język Północno-wschodniokaukaski Arczyński 1 tys
7%
Język Północno-wschodniokaukaski Bacbijski 3,4 tys
7%
Język Drawidyjski Badaga 245 tys
7%
Język Północno-wschodniokaukaski Bagulalski 3 tys
7%
Język Chińsko-tybetański Balti ?
7%
Język Indoaryjski Bhili 5,6 mln
7%
Język Dajski Biao ?
7%
Język Indoaryjski Bihari 63 mln
7%
Język Indoaryjski Bisznuprija-manipuri 118 tys
7%
Język Chińsko-tybetański Bodo 603 tys
7%
Język Północno-wschodniokaukaski Botlichyjski 4 tys
7%
Język Irański Bucharski 60 tys
7%
Język Północno-wschodniokaukaski Buduchyjski 5 tys
7%
Język Izolowany Buruszaski 112 tys
7%
Język Północno-wschodniokaukaski Cachurski 18,5 tys
7%
Język Północno-wschodniokaukaski Chinalugijski 2,5 tys
7%
Język Turkijski Chakaski 65 tys
7%
Język Ugrofiński Chantyjski 20 tys
7%
Język Drawidyjski Chenchu 26 tys
7%
Język Północno-wschodniokaukaski Chunzybski 1 tys
7%
Język Północno-wschodniokaukaski Chwarszyjski 300
7%
Język Północno-wschodniokaukaski Czamalalski 4,5 tys
7%
Język Północno-wschodniokaukaski Czyragijski ?
7%
Język Mongolski Dagurski 96,1 tys
7%
Język Północno-wschodniokaukaski Dargwijski ?
7%
Język Izolowany Ajnuski 10
7%
Język Drawidyjski Tulu 2,25 mln
7%
Język Indoaryjski Dogri 2 mln
7%
Język Dajski En ?
7%
Język Samojedzki Eniecki 300
7%
Język Tungusko-mandżurski Ewenkijski 30 tys
7%
Język Tungusko-mandżurski Eweński 7,5 tys
7%
Język Celtycki Gaelicki szkocki 11 tys
7%
Język Indoaryjski Garhwali 3 mln
7%
Język Chińsko-tybetański Garo 1 mln
7%
Język Irański Gilański 3 mln
7%
Język Północno-wschodniokaukaski Ginuchijski 500
7%
Język Północno-wschodniokaukaski Godoberyjski 2,75 tys
7%
Język Drawidyjski Gondi 2 mln
7%
Język Irański Gorani 40 tys
7%
Język Germański Gotlandzki 500
7%
Język Chińsko-tybetański Hani 740 tys
7%
Język Hmong-mien Hmong ?
7%
Język Irański Iszkaszmi 1,5 tys
7%
Język Czukocko-kamczacki Itelmeński 100
7%
Język Irański Jagnobijski 12 tys
7%
Język Irański Jazgulamski 4 tys
7%
Język Chińsko-tybetański Kaczin 940 tys
7%
Język Północno-wschodniokaukaski Kadżtagijski ?
7%
Język Północno-wschodniokaukaski Kapuczyński 6 tys
7%
Język Turkijski Karaczajsko-bałkarski 250 tys
7%
Język Turkijski Karakałpacki 400 tys
7%
Język Północno-wschodniokaukaski Karatajski 6 tys
7%
Język Indoaryjski Khowar 240 tys
7%
Język Drawidyjski Kodagu 200 tys
7%
Język Indoaryjski Kohistani ?
7%
Język Drawidyjski Kolami 122 tys
7%
Język Drawidyjski Konda ?
7%
Język Indoaryjski Konkani 7,6 mln
7%
Język Drawidyjski Koraga
14 tys
7%
Język Czukocko-kamczacki Koriacki 3,5 tys
7%
Język Drawidyjski Kota 900
7%
Język Drawidyjski Koya 300 tys
7%
Język Północno-wschodniokaukaski Kryzyjski 10 tys
7%
Język Północno-wschodniokaukaski Kubaczyjski ?
7%
Język Drawidyjski Kui 765 tys
7%
Język Indoaryjski Kumauni 2,3 mln
7%
Język Drawidyjski Kurukh 2 mln
7%
Język Izolowany Kusunda 87
7%
Język Drawidyjski Kuvi 350 tys
7%
Język Indoaryjski Lahnda 60 mln
7%
Język Północno-wschodniokaukaski Lakijski 129 tys
7%
Język Kartwelski Lazyjski 50 tys
7%
Język Północno-wschodniokaukaski Lezgiński 500 tys
7%
Język Romański Liguryjski 2 mln
7%
Język Chińsko-tybetański Lisu 300 tys
7%
Język Chińsko-tybetański Lolo ?
7%
Język Romański Lotaryński ?
7%
Język Indoaryjski Magadhi 13 mln
7%
Język Chińsko-tybetański Magar ?
7%
Język Indoaryjski Maithili 34 mln
7%
Język Dajski Mak ?
7%
Język Indoaryjski Mandeali 900 tys
7%
Język Chińsko-tybetański Manipuri 1,4 mln
7%
Język Ugrofiński Mansyjski 8 tys
7%
Język Drawidyjski Maria 134 tys
7%
Język Indoaryjski Marwari 13 mln
7%
Język Chińsko-tybetański Minnan 46 mln
7%
Język Chińsko-tybetański Miri ?
7%
Język Chińsko-tybetański Mizo 675 tys
7%
Język Mongolski Mogolski Prawdobodonie wymarly
7%
Język Mongolski Mongolskie 4 mln
7%
Język Mongolski Mongorski 152 tys
7%
Język Irański Mundżański 3,7 tys
7%
Język Chińsko-tybetański Murmi ?
7%
Język Chińsko-tybetański Naga ?
7%
Język Tungusko-mandżurski Nanajski 6 tys
7%
Język Chińsko-tybetański Newari 1 mln
7%
Język Samojedzki Nganasański 750
7%
Język Izolowany Nihali 2 tys
7%
Język Izolowany Niwchijski 1 tys
7%
Język Mongolski Ojracki 285 tys
7%
Język Drawidyjski Ollari 15 tys
7%
Język Irański Ormuri ?
7%
Język Chińsko-tybetański Pai-lang ?
7%
Język Irański Paraczi ?
7%
Język Drawidyjski Pardhan 135 tys
7%
Język Drawidyjski Parji 51,2 tys
7%
Język Indoaryjski Pashai ?
7%
Język Chińsko-tybetański Pyu ?
7%
Język Indoaryjski Radżastański 36 mln
7%
Język Chińsko-tybetański Rai ?
7%
Język Północno-wschodniokaukaski Rutulski 18,5 tys
7%
Język Irański Sangisari ?
7%
Język Irański Sanglechi ?
7%
Język Mongolski Santyjski 200 tys
7%
Język Irański Sarikoli 16 tys
7%
Język Drawidyjski Sauria paharia 54 tys
7%
Język Drawidyjski Savara ?
7%
Język Samojedzki Selkupski 2 tys
7%
Język Irański Semnani 60 tys
7%
Język Indoaryjski Shina ?
7%
Język Chińsko-tybetański Si-sia ?
7%
Język Kartwelski Swański 15 tys
7%
Język Północno-wschodniokaukaski Tabasarański 97 tys
7%
Język Północno-wschodniokaukaski Tindyjski 2,2 tys
7%
Język Drawidyjski Toda 1 tys
7%
Język Chińsko-tybetański Tripuri 700 tys
7%
Język Tungusko-mandżurski Udehejski 100
7%
Język Północno-wschodniokaukaski Udyjski 3,7 tys
7%
Język Irański Wachi 30 tys
7%
Język Ugrofiński Wotycki 62
7%
Język Abchasko-adygejski Abazyńskim 45 tys
0%
Język Abchasko-adygejski Abchaskim 100 tys
0%
Język Abchasko-adygejski Adygejskim 300 tys
0%
Język Turkijski Afszarski 300 tys
0%
Język Dajski Ai-czam ?
0%
Język Turkijski Ajnallu 7 tys
0%
Język Austroazjatycki Aslijskie 50 tys
0%
Język Romański Asturyjski 550 tys
0%
Język Austroazjatycki Bahnaryckie ?
0%
Język Hmong-mien Ba pai ?
0%
Język Mongolski Bonan 6 tys
0%
Język Drawidyjski Brhui 2 mln
0%
Język Dajski Bujang ?
0%
Język Dajski Cao miao ?
0%
Język Turkijski Chaladzki 42 tys
0%
Język Austroazjatycki Chamuickie ?
0%
Język Turkijski Chorasański 400 tys
0%
Język Dajski Cun ?
0%
Język Słowiański czarnogóski 145 tys
0%
Język Turkijski Czułymski 44
0%
Język Turkijski Dołgański 5 tys
0%
Język Dajski Dong ?
0%
Język Turkijski Duchański 500
0%
Język Dajski Dżiamao ?
0%
Język Turkijski Ejnuski 6,6 tys
0%
Język Romański Emilijski 2 mln
0%
Język Dajski Gelao ?
0%
Język Kartwelski Guziński 7,5 mln
0%
Język Dajski Hlai 700 tys
0%
Język Północno-wschodniokaukaski Icaryjski ?
0%
Język Turkijski Iliski 120
0%
Język Romański Istriocki 1 tys
0%
Język Ugrofiński Iżorski 125
0%
Język Germański Jamski 50 tys
0%
Język Dajski Jerong ?
0%
Język Ugrofiński Język Voro 70 tys
0%
Język Irański Jidgha ?
0%
Język Hmong-mien Ju mien ?
0%
Język Abchasko-adygejski Kabardyjskim 1,7 mln
0%
Język Mongolski Kandżyjaski 1 tys
0%
Język Dajski Kang ?
0%
Język Turkijski Karagaski 93
0%
Język Turkijski Kaszkajski 32 mln
0%
Język Austroazjatycki Katuickie ?
0%
Język Jenisejski Ketyjski 210
0%
Język Austroazjatycki Kharia-juang ?
0%
Język Austroazjatycki Khasi 865 tys
0%
Język Austroazjatycki Kherwar ?
0%
Język Drawidyjski Kimarbhag paharia 12,5 tys
0%
Język Hmong-mien Kim mun ?
0%
Język Ugrofiński Komi-Permiacki 95 tys
0%
Język Austroazjatycki Koraput munda ?
0%
Język Austroazjatycki Korku ?
0%
Język Turkijski Kumycki 280 tys
0%
Język Dajski Laczi ?
0%
Język Dajski Laha ?
0%
Język Dajski Lakkia ?
0%
Język Hmong-mien Longli miao ?
0%
Język Turkijski Mandżurskokirgiski 10
0%
Język Dajski Maonan 34 tys
0%
Język Irański Mazanderański 4 mln
0%
Język Romański Meglenrumuński 8 tys
0%
Język Kartwelski Megrelski 500 tys
0%
Język Chińsko-tybetański Minbei 10,3 mln
0%
Język Chińsko-tybetański Mindong 9,1 mln
0%
Język Chińsko-tybetański Minzhoung 3,1 mln
0%
Język Dajski Mulam 86 tys
0%
Język Tungusko-mandżurski Negidalski 74
0%
Język Austroazjatycki Nikobarskie 37 tys
0%
Język Tungusko-mandżurski Orocki 1,2 tys
0%
Język Tungusko-mandżurski Oroczański 8
0%
Język Tungusko-mandżurski Orokański 50
0%
Język Hmong-mien Pa-hng ?
0%
Język Austroazjatycki Palaungickie ?
0%
Język Austroazjatycki Pearyckie ?
0%
Język Romański Piermoncki 2 mln
0%
Język Chińsko-tybetański Puxian 2,5 mln
0%
Język Dajski Qabiao ?
0%
Język Turkijski Rumelijski 331 tys
0%
Język Dajski Saek ?
0%
Język Turkijski Salarski 55 tys
0%
Język Dajski Sui ?
0%
Język Tungusko-mandżurski Sybeński 30 tys
0%
Język Turkijski Syberyjskotatarski 100 tys
0%
Język Mongolski Szera-jogurski 4 tys
0%
Język Turkijski Szorski 10 tys
0%
Język Irański Szugnański 60 tys
0%
Język Tungusko-mandżurski Tunguskie 39 tys
0%
Język Ugrofiński Udmurski 324 tys
0%
Język Tungusko-mandżurski Ulczyjski 150
0%
Język Hmong-mien Yongcong ?
0%
Język Turkijski Zachodniojugurski 4,6 tys
0%
Język Ugrofiński Zyriański 345 tys
0%
Nie znaleziono quizów pasujących do podanych kryteriów
Rozkład punktacji
Procent ludzi z każdym wynikiem
Percentyl według liczby udzielonych odpowiedzi
Twoja historia wyników
Nie rozwiązałeś tego quizu od ostatniego zresetowania